Normal view
MARC view
- Nadwi, Maulana Syed Abul hasan ali
Entry Personal Name
001 - CONTROL NUMBER
- control field: 109408
003 - CONTROL NUMBER IDENTIFIER
- control field: NUST
005 - DATE AND TIME OF LATEST TRANSACTION
- control field: 20230221185956.0
008 - FIXED-LENGTH DATA ELEMENTS
- fixed length control field: 230221|| aca||aabn | a|a d
040 ## - CATALOGING SOURCE
- Original cataloging agency: NUST
- Transcribing agency: NUST
100 ## - HEADING--PERSONAL NAME
- Personal name: Nadwi, Maulana Syed Abul hasan ali
670 ## - SOURCE DATA FOUND
- Source citation: Work cat.: (NUST)188021: Nadwi, Maulana Syed Abul hasan ali , Husn-e-MuaShrat / حسن معاشرت (Urdu) /
